[Event "GER-chT U16"]
[Site "Magdeburg"]
[Date "2019.12.29"]
[Round "5.4"]
[White "Hoerkner, Nico"]
[Black "Biermann, Lenhard"]
[Result "0-1"]
[WhiteElo "1699"]
[BlackElo "2098"]
[PlyCount "48"]
[EventDate "2019.12.27"]
[EventType "team-swiss"]
[EventRounds "7"]
[EventCountry "GER"]
[SourceTitle "CBM 194 Extra"]
[Source "ChessBase"]
[SourceDate "2020.03.31"]
[SourceVersion "1"]
[SourceVersionDate "2020.03.31"]
[SourceQuality "1"]
[WhiteTeam "Plauen Koenig"]
[BlackTeam "Bochum SG"]
[WhiteTeamCountry "GER"]
[BlackTeamCountry "GER"]

1. d4 e6 2. Nf3 f5 3. c4 Nf6 4. g3 d6 5. Bg2 Be7 6. Nc3 0-0 7. 0-0 Qe8 8. Qc2 Qh5 9. Re1 Nc6 10. a3 e5 11. d5 Nd8 12. b4 Nf7 13. Qd2 Bd7 14. Ra2 Rae8 15. e4 f4 16. Qd3 Bh3 17. Bxh3 Qxh3 18. gxf4 exf4 19. Bxf4 g5 20. Bc1 g4 21. Kh1 Qxf3+ 22. Qxf3 gxf3 23. Rg1+ Kh8 24. Rg3 Ne5 0-1

[Event "Sachsen-ch U10"]
[Site "Sebnitz"]
[Date "2013.04.03"]
[Round "3"]
[White "Roessler, Karl Georg"]
[Black "Hoerkner, Nico"]
[Result "0-1"]
[WhiteElo "889"]
[BlackElo "1193"]
[PlyCount "70"]
[EventDate "2013.04.02"]
[EventType "swiss"]
[EventRounds "7"]
[EventCountry "GER"]
[SourceTitle "EXT 2014"]
[Source "ChessBase"]
[SourceDate "2013.11.20"]
[SourceVersion "1"]
[SourceVersionDate "2013.11.20"]
[SourceQuality "1"]

1. e4 c5 2. Nf3 Nc6 3. d4 cxd4 4. Nxd4 Nf6 5. Nc3 e6 6. Be3 d6 7. f3 Bd7 8. Bd3 Be7 9. Qe2 a6 10. Bc4 b5 11. Bb3 Qc7 12. 0-0-0 0-0 13. Qf2 Rfe8 14. Nde2 Rab8 15. g4 Bc8 16. g5 Nd7 17. h4 f6 18. f4 Rf8 19. Qg2 Kf7 20. h5 fxg5 21. fxg5 Nde5 22. Rdf1+ Ke8 23. Rxf8+ Kxf8 24. Nf4 Ke8 25. Nxe6 Bxe6 26. Bxe6 Kd8 27. Nd5 Qb7 28. Nxe7 Qxe7 29. Bf5 g6 30. hxg6 hxg6 31. Rh8+ Kc7 32. Rxb8 Kxb8 33. Bh3 Qc7 34. Qf2 Nb4 35. c3 Nbd3+ 0-1